Bukan kail kita yang dinantinya

Bibliographic Details
Format: Book

MARC

LEADER 00000cam a2200000 7i4500
001 0000009356
002 000010187
005 20000330.0
020 |a 9838311804 
090 0 0 |a F   |b MAR 
245 1 0 |a Bukan kail kita yang dinantinya 
999 |a 039557   |b BUKU   |c PINJAMAN   |e PERPUSTAKAAN KOMUNITI PETALING JAYA